Länder des Norddeutschen Bundes (1866-71) auf einer Karte - Statistiken

Allgemein
  • Dieses Quiz wurde 69 mal gespielt
  • Das Durchschnittsergebnis liegt bei 13 aus 22
Antworten auf der Karte
Die Antworten werden auf der Karte rot bzw. grün angezeigt, abhängig davon wie oft sie richtig erraten wurden.
 
Antwortstatistiken
Land % Korrekt
Preußen
98%
Sachsen
95%
Bremen
92%
Hamburg
87%
Oldenburg
78%
Hessen (Nord)
73%
Lübeck
70%
Anhalt
65%
Sachsen-Coburg und Gotha
65%
Braunschweig
63%
Lippe
54%
Sachsen-Weimar-Eisenach
54%
Mecklenburg-Schwerin
46%
Reuss jüngere Linie
44%
Mecklenburg-Strelitz
43%
Reuss ältere Linie
41%
Schaumburg-Lippe
41%
Waldeck und Pyrmont
38%
Sachsen-Meiningen
33%
Schwarzburg-Rudolstadt
33%
Sachsen-Altenburg
30%
Schwarzburg-Sondershausen
24%
Keine übereinstimmenden Quizze gefunden
Verteilung der Resultate
Anzahl Personen mit jedem Resultat
Perzentil nach korrekt beantworteten Fragen
Ihre Resultats-Entwicklung
Sie haben dieses Quiz noch nicht gespielt